000 00825nam a22002537a 4500
001 499
003 UA-OsUOA
005 20210622115656.0
007 ta
008 20050603b un ||||| |||| 00| 0 ukr d
020 _a9665780654
040 _aUA-OsUOA
_bukr
_cUA-OsUOA
_dUA-OsUOA
041 _aukr
080 _a94(477)09/14
090 _a94(477)09/14
_bТ44
245 _aТисяча років української суспільно-політичної думки
_cпередм., упор., прим. О. Сліпушко, В. Яременко
260 _aК.
_bДніпро
_c2001
300 _a632 с.
505 _gТ. 1
650 7 _a9 Географія. Біографії. Історія
_2UDC
942 _cBK
_2udc
955 _a1
999 _c286608
_d286608